Регионална библиотека "Любен Каравелов" - Русе

Богатството на народите на Адам Смит (Запис номер 80240)

MARC детайли
000 -Лидер
Контролно поле с фиксирана дължина 02314nam a2200469 c 4500
003 - Код на организацията, давaща контролен номер
Контролно поле BLK
005 - Дата и час на последна редакция
Контролно поле 20250405130545.0
008 - Елементи от данни с фиксирана дължина
fixed length control field 180408b bul|||||r ||||||| ||bul||
010 ## - Наследен системен номер
LC control number KNG00084724000
020 ## - Международен стандартен номер на книга ISBN
Международен стандартен номер на книга ISBN 978-954-761-457-4
-- издат.: ИнфоДар
040 ## - Източник на каталожния запис
Идентификатор на билиотеката - собственик на записа BLK
041 ## - Код за език
Код за езика на текст/звукозапис или на отделно заглавие Български
Код за езика КДБФ Български
072 #7 - Код за тематичната категория
Код организация bullib
Код за тематична категория Н33
Текст Икономика Н
080 ## - УДК
Текстов определител УДК Жизнено равнище
УДК код - определител по УДК 330.59
УДК определител (410)(092)
УДК - код + определител 330.59(410)(092)
080 ## - УДК
Текстов определител УДК Динамика и развитие на икономиката
УДК код - определител по УДК 330.3
УДК определител (02.062)
УДК - код + определител 330.3(02.062)
080 ## - УДК
Текстов определител УДК Икономическа политика. Стопанско ръководство. Управление на стопанство. Стопанско планиране.
УДК код - определител по УДК 338.2
УДК определител (02.062)
УДК - код + определител 338.2(02.062)
080 ## - УДК
Текстов определител УДК Шотландски социален философ и един от основоположниците на политическата икономия
УДК код - определител по УДК 929 Смит, Адам
УДК определител
УДК - код + определител 929 Смит, Адам
100 1# - Редна дума - Автор
Автор Маккрийди, Карън
Авторска отговорност първи автор
R(LIN) 91299
139 ## - Редно поле
Редна дума Маккрийди, Карън
Авторски знак Мак - М 19
245 10 - Сведения за заглавието
Заглавие Богатството на народите на Адам Смит
Подзаглавни данни 52 значими идеи и тяхната интерпретация
Редно поле (дума) Карън Маккрийди; прев. от англ. Вера Паунова.
257 ## - Страна на издаване
Страна на създаване/издаване България
260 ## - Област на издателските данни
-- София
Име на издателя, разпространителя и проч. ИнфоДар
Година на издаване 2010
Печатница София : Симолини
300 ## - Физическа характеристика
Страници 180 с.
Размери/Мащаб 20 см
380 ## - Жанр
Жанр Обществени науки
490 1# - СЕРИИ (Колекции)
Име на серия 52 значими идеи
500 ## - Общи забележки
Забележка Без сведение за ориг. загл. - Библиогр. с. 168-176.
600 14 - Име на лице, използвано като предмет
За него / За нея Смит, Адам
9 (RLIN) 371477
650 #4 - Допълнително описание по предмет – тема
Основно описание – тема или топоним Жизнено равнище
9 (RLIN) 292388
650 #4 - Допълнително описание по предмет – тема
Основно описание – тема или топоним Икономическа ефективност
9 (RLIN) 260528
653 ## - Ключова дума – ненормативна
Ключова дума икономическо развитие
653 ## - Ключова дума – ненормативна
Ключова дума жизнено равнище
653 ## - Ключова дума – ненормативна
Ключова дума икономическа политика
653 ## - Ключова дума – ненормативна
Ключова дума Адам Смит
659 ## - Тематичен бюлетин
Тематичен бюлетин Н
700 1# - Други автори (авторска отговорност)
Лично име Паунова, Вера
Автороска отговорност (Описва отношението между автора и произведението) прев. от англ.
9 (RLIN) 371372
852 ## - Местоположение
Форматна сигнатура Цб 253715
856 4# - Електронен адрес и достъп
Електронен формат pdf - файл
Път до файла /url/
856 4# - Електронен адрес и достъп
Електронен формат pdf - файл
Път до файла /url/
942 ## - АРТИКУЛИ
Вид на библиотечния материал Книги
Скрит в OPAC Не
Koha issues (borrowed), all copies 5
944 ## - СЪЗДАВАНЕ И РЕДАКЦИЯ на ЗАПИСА
Създаване/Редакция Създаване
Дата на регистрацията/редакция 16.11.2011
Служител, извършил регистрацията/редакцията 30575
Статус, дата на статуса Мартин Енчев
944 ## - СЪЗДАВАНЕ И РЕДАКЦИЯ на ЗАПИСА
Създаване/Редакция Редакция
Дата на регистрацията/редакция 27.01.2012
Служител, извършил регистрацията/редакцията
999 ## - СИСТЕМНИ КОНТРОЛНИ НОМЕРА
Koha biblionumber 80240
Koha biblioitemnumber 80240
Наличности
Код за отписване Код за изгубен артикул Код за повреда Коз за рестрикции Код за отдаване Артикулен № Име на библиотеката - собственик Име на библиотеката, в която се намира в момента Статус (Текущо местоположение) Дата на вписване в системата Местоположение - отдел Цена в лева Инвентарен номер Систематично азбучна сигнатура Баркод Номер на екземпляра Цена в евро Служебна бележка Служебен тип на артикула
  Не е изгубен Не е повреден без рестрикции ползва се в читалня 130050 Регионална библиотека "Любен Каравелов" Русе Регионална библиотека "Любен Каравелов" Русе Хранилище 2011-11-16 Хранилище 8.00 120000754426 Цб 253715 120000754426 1 4.09 Дост: Dp Вид: Д N: 14 Дата: 04.04.2011 Книги
  Не е изгубен Не е повреден без рестрикции заемане за дома 130051 Регионална библиотека "Любен Каравелов" Русе Регионална библиотека "Любен Каравелов" Русе Заемна - подръчен фонд 2011-12-19 Заемна - подръчен фонд 8.00 120000756183 П 330/М 19 120000756183 2 4.09 Дост: Pk Вид: Ф N: 291 Дата: 15.12.2011 Дата инв: 05.02.2018 Бележки инв: П2018 Книги
Vip Innovations Ltd, Rousse, Bulgaria 2025